| 000 | 00947cab a2200289 4500 | ||
|---|---|---|---|
| 001 | WB3038-17 | ||
| 008 | 090401t1994 xxu||||| |||| 00| 0 eng d | ||
| 035 | _a(Sirsi) u66587 | ||
| 041 | _aeng | ||
| 245 | _aNHS hospitals report | ||
| 260 | _c1994 | ||
| 350 | _a0 | ||
| 490 |
_aProperty Week _v49(2) 13 October 1994, 14 |
||
| 490 |
_aFinancial Times _v13 October 1994, 11 |
||
| 490 |
_aContract Journal _v374(5894) 13 October 1994, 13 |
||
| 490 |
_aEvening Standard _v17 October 1994, 6(3) |
||
| 520 | _aA study by the RICS of the construction and property requirements of 178 trust hospitals shows that 34% expect to use asset sales as their main source of funds for future development. | ||
| 650 | _aCONSTRUCTION MARKET | ||
| 650 | _aHEALTH SECTOR | ||
| 650 | _aNATIONAL HEALTH SERVICE | ||
| 650 | _aNHS | ||
| 650 | _aRICS | ||
| 650 | _aTRUST HOSPITALS | ||
| 690 | _aECONOMIC AND SOCIAL | ||
| 942 | _n0 | ||
| 948 | _c04/03/1997 | ||
| 999 |
_c41595 _d41595 |
||